Successive Eurovision Neighbouring Winners - Statistics

General Stats
  • This quiz has been taken 22 times
  • The average score is 19 of 22
Answer Stats
Hint Answer % Correct
2024/2025 Austria
100%
2001/2002 Estonia
100%
1960/1961 France
94%
1961/1962 France
94%
2001/2002 Latvia
94%
2008/2009 Norway
94%
2008/2009 Russia
94%
2024/2025 Switzerland
94%
1968/1969 France
88%
1982/1983 Germany
88%
1996/1997 Ireland
88%
1961/1962 Luxembourg
88%
1960/1961 Luxembourg
88%
1996/1997 United Kingdom
88%
1980/1981 Ireland
82%
1989/1990 Italy
82%
1968/1969 Spain
82%
1980/1981 United Kingdom
82%
1989/1990 Yugoslavia
82%
1982/1983 Luxembourg
76%
1984/1985 Norway
76%
1984/1985 Sweden
76%
No matching quizzes found
Score Distribution
Percent of People with Each Score
Percentile by Number Answered
Your Score History
You have not taken this quiz